<?xml version="1.0" encoding="UTF-8"?>
<collection xmlns="http://www.loc.gov/MARC21/slim">
    <record>
        <controlfield tag="001">31173</controlfield>
        <controlfield tag="005">20170831220700.0</controlfield>
        <datafield tag="037" ind1=" " ind2=" ">
            <subfield code="a">TAZ-TFM-2012-597</subfield>
        </datafield>
        <datafield tag="041" ind1=" " ind2=" ">
            <subfield code="a">spa</subfield>
        </datafield>
        <datafield tag="100" ind1="1" ind2=" ">
            <subfield code="a">Angulo Cascán, Alberto Javier</subfield>
        </datafield>
        <datafield tag="245" ind1="0" ind2="0">
            <subfield code="a">Artistas emergentes, "La gestión de su obra"</subfield>
        </datafield>
        <datafield tag="260" ind1=" " ind2=" ">
            <subfield code="a">Zaragoza</subfield>
            <subfield code="b">Universidad de Zaragoza</subfield>
            <subfield code="c">2012</subfield>
        </datafield>
        <datafield tag="500" ind1=" " ind2=" ">
            <subfield code="a">My work shows a way to manage emerging artists as part of the cultural heritage of where they reside. My goal is to streamline their career and make it sustainable. This is a time of economic crisis but new technologies open up new fields of work and market. The starting point is to choose the right artists: young, with a natural predisposition, disciplined, with much to learn and breakers. Opt for a management model is not close our doors Mixed anything. Take care in both the production end of its work and its dissemination. And in less than two years, our artists have been recognized by critics and the public.</subfield>
        </datafield>
        <datafield tag="506" ind1=" " ind2=" ">
            <subfield code="a">by-nc-sa</subfield>
            <subfield code="b">Creative Commons</subfield>
            <subfield code="c">3.0</subfield>
            <subfield code="u">http://creativecommons.org/licenses/by-nc-sa/3.0/</subfield>
        </datafield>
        <datafield tag="520" ind1=" " ind2=" ">
            <subfield code="a">Mi trabajo expone la forma de gestionar a artistas emergentes pues forman parte del patrimonio cultural del lugar donde residen. Mi objetivo es dinamizar su carrera y hacerla sostenible. Estamos en una época de crisis económica pero las nuevas tecnologías abren nuevos campos de trabajo y de mercado. El punto de partida es escoger los artistas adecuados: jóvenes, con una predisposición natural, disciplinados, con mucho por aprender y rompedores. Optaremos por un modelo de gestión mixta para no cerrarnos puertas a nada. Cuidaremos en extremo tanto la producción de su obra como su difusión. Y en menos de dos años, nuestros artistas habrán obtenido el reconocimiento de la crítica y el público.</subfield>
        </datafield>
        <datafield tag="521" ind1=" " ind2=" ">
            <subfield code="a">Máster Universitario en Gestión del Patrimonio Cultural</subfield>
        </datafield>
        <datafield tag="540" ind1=" " ind2=" ">
            <subfield code="a">Derechos regulados por licencia Creative Commons</subfield>
        </datafield>
        <datafield tag="653" ind1="1" ind2=" ">
            <subfield code="a">artistas emergentes</subfield>
        </datafield>
        <datafield tag="653" ind1="1" ind2=" ">
            <subfield code="a">gestión de su obra</subfield>
        </datafield>
        <datafield tag="653" ind1="1" ind2=" ">
            <subfield code="a">radoslav</subfield>
        </datafield>
        <datafield tag="700" ind1=" " ind2=" ">
            <subfield code="a">Poblador Muga, María Pilar</subfield>
            <subfield code="e">dir.</subfield>
        </datafield>
        <datafield tag="710" ind1="2" ind2=" ">
            <subfield code="a">Universidad de Zaragoza</subfield>
            <subfield code="b">Historia del Arte</subfield>
            <subfield code="c">Historia del Arte</subfield>
        </datafield>
        <datafield tag="856" ind1="0" ind2=" ">
            <subfield code="f">alberan@unizar.es</subfield>
        </datafield>
        <datafield tag="856" ind1="4" ind2=" ">
            <subfield code="s">20245018</subfield>
            <subfield code="u">http://zaguan.unizar.es/record/31173/files/TAZ-TFM-2012-597.pdf</subfield>
            <subfield code="z">Memoria</subfield>
        </datafield>
        <datafield tag="909" ind1="C" ind2="O">
            <subfield code="o">oai:zaguan.unizar.es:31173</subfield>
            <subfield code="p">driver</subfield>
            <subfield code="p">trabajos-fin-master</subfield>
        </datafield>
        <datafield tag="950" ind1=" " ind2=" ">
            <subfield code="a"></subfield>
        </datafield>
        <datafield tag="951" ind1=" " ind2=" ">
            <subfield code="a">deposita:2015-04-21</subfield>
        </datafield>
        <datafield tag="980" ind1=" " ind2=" ">
            <subfield code="a">TAZ</subfield>
            <subfield code="b">TFM</subfield>
            <subfield code="c">FFYL</subfield>
        </datafield>
    </record>

    
</collection>